| 000 | 00546nam a22001697a 4500 | ||
|---|---|---|---|
| 003 | OSt | ||
| 005 | 20240927162823.0 | ||
| 008 | 240927b |||||||| |||| 00| 0 eng d | ||
| 040 | _c0 | ||
| 082 | _aDPer 050 R22 2000 June -December 2023 v123 no. 7124-728 | ||
| 100 |
_aGodley, Diane. _eauthor. _961755 |
||
| 245 |
_aelliott's very p;ite predatprs / _cDiane Godley. |
||
| 260 |
_aTaipei ; _bReader's Digest Asia, _cJuly 2023. |
||
| 300 |
_aVolume 123, pages 22-29, _billustration. |
||
| 700 |
_aGodley, Diane. _eauthor. _961755 |
||
| 942 |
_2ddc _cPER |
||
| 999 |
_c21974 _d21974 |
||